| 000 | 06371nam a2200601 c 4500 | ||
|---|---|---|---|
| 999 |
_c120563 _d120563 |
||
| 003 | BLK | ||
| 005 | 20250220123824.0 | ||
| 008 | 180409b bul|||||r ||||||| ||bul|| | ||
| 010 | _aKNG00126179000 | ||
| 040 | _aBLK | ||
| 041 |
_aBUL _cBUL |
||
| 072 | 7 |
_2bullib _aА _xФонд Михаил Арнаудов |
|
| 072 | 7 |
_2bullib _aЯ _xАвтографи |
|
| 080 |
_aБългарска литература _b821.163.2 _x-13(082) _z821.163.2-13(082) |
||
| 080 |
_aБългарска литература _b821.163.2 _x-13.09 _z821.163.2-13.09 |
||
| 080 |
_aФолклор (в тесен смисъл) _b398 _x(497.2) _z398(497.2) |
||
| 139 |
_aАнгелов, Божан и др. _bА 64 |
||
| 245 | 1 | 0 |
_aТрем на българската народна историческа епика от Момчила и Крали Марка до Караджата и Хаджи Димитра _bС фолклорни, ист., езикови и др. бележки, показалец и речник _cсъстав. Божан Ангелов, Христо Вакарелски |
| 257 | _aBGR | ||
| 260 |
_bТ. Ф. Чипев _c1939 _fСофия : Стоп. развитие |
||
| 300 |
_a552 с. _c23 см |
||
| 380 | _aX | ||
| 490 |
_9396381 _aЧастна колекция - Академик Михаил Арнаудов _gДарение - Основен фонд |
||
| 500 | _aПълното име на първия състав. е Божан Ангелов Великов. - Фонд Михаил Арнаудов - отбелязва място в кн.: с. 218 (инв. № 589150)- екз. с твърда подв. | ||
| 500 | _aАвтограф с текст: На моя многоуважаем учител и поощрител сърдечен спомен Хр. Вакарелски 3.VІ.1940 София (инв. № 587426) | ||
| 651 | 4 |
_aБългария _9241624 |
|
| 653 | _aнародно творчество | ||
| 653 | _aКрали Марко | ||
| 653 | _aСтефан Караджа | ||
| 653 | _aХаджи Димитър | ||
| 659 | _aА | ||
| 659 | _aЯ | ||
| 700 | 1 |
_aАнгелов, Божан _eсъстав. _gВеликов, Божан Ангелов _9374557 |
|
| 700 | 1 |
_aВакарелски, Христо Томов _eсъстав. _9374652 |
|
| 700 | 1 |
_aВеликов, Божан Ангелов _e* _9316717 |
|
| 762 |
_9409507 _aПослания на времето _bАкад. Михаил Арнаудов - послания и дарствени слова _gАкадемик Михаил Арнаудов е личност със значимо присъствие в българската култура и принос в областта на науката, литературата, фолклора, историята на българското Възраждане, социологията, философията и народопсихологията. Цялото документално и библиотечно наследство на родения в Русе виден учен е национално богатство от изключително значение. Единствено Регионална библиотека „Любен Каравелов“ – Русе притежава колекция от над 1500 книги от личната библиотека на Михаил Арнаудов с автографи, послания и дарствени надписи от български и чужди знакови личности. Зад всеки автограф се крие историята на взаимоотношенията между Академика и неговите съвременници. Тези автографи са неизвестни и неизследвани страници от българското културно наследство. _m1 _nТекст: На моя многоуважаем учител и поощрител сърдечен спомен Хр. Вакарелски 3.VІ.1940 София _tАвтограф от Христо Вакарелски |
||
| 763 | 1 |
_945084 _aВакарелски, Христо _d15.12.1896 – 25.11.1979 _gХристо Вакарелски е български етнограф и фолклорист. Завършва славянска филология в Софийския университет. Специализира славянска етнография във Варшава. През 1941 – 1944 г. е директор на Народния музей в Скопие. Директор на Народния етнографски музей в София от 1945 до 1948 г., в който остава да работи до 1962 г. Основател и председател на Българското природо-научно дружество. Неговите проучвания и студии го определят като един от водещите български етнографи и фолклористи през ХХ век. През 1965 г. получава Хердерова награда. Вакарелски е автор на редица специални проучвания върху народното художествено творчество и естетика. Най-значителни са „Музика в живота на родното ми село“ и „Бележки по музикална теория и естетика на народа“. Занимава се със събиране, издаване, изследване и популяризиране на фолклора. Издава няколко сборника с фолклорни материали и ценни изследвания върху сватбената песен. _i409507 _m1 _qХристо Вакарелски |
|
| 852 |
_aЦб 8.220.12271 _bО |
||
| 852 |
_aМА 522 _bМА |
||
| 856 | 4 | _qpdf | |
| 856 | 4 | _qpdf | |
| 942 |
_cKNG _n0 _s1 _02 |
||
| 944 |
_aCR _c25.10.2011 _lРенета Константинова _k30546 |
||
| 944 |
_aED _c26.10.2016 _l25.10.2011 - от С1,Р / 25.10.2011 |
||
| 999 | _d120563 | ||
| 999 | _d120563 | ||
| 999 | _d120563 | ||
| 999 | _d120563 | ||
| 999 | _d120563 | ||
| 999 | _d120563 | ||
| 999 | _d120563 | ||
| 999 | _d120563 | ||